000 00280nam a22001217a 4500
082 _a88.831
_bDHI
_cD
245 _aCandrella
260 _aIndia
_bDhingra
300 _a24 p.
_bill.
_c27 cm
526 _a0
_b0
_c0
_d88_831000000000000_DHI
650 _aNUST
_96342
942 _2ddc
_cBK
999 _c550160
_d550160